000 00333nam a22001457a 4500
008 210304b ||||| |||| 00| 0 eng d
020 _a0716719452
041 _aeng
080 _a541
082 _a541
100 _a12
101 _aKIM
245 _aStudents Companion to Stryers Biochemistry
_cGumport, R. I
942 _2udc
_cBK
999 _c55755
_d55755